Mort Subite- Personnalités antiques nées en Grèce - Statistiques

Statistiques générales
  • Ce quiz a été pris 47 fois
  • Le résultat moyen est 5 sur 20
Answers on the Grid
Answers color-coded by a green-red scale on the quiz's grid according to % correct below.
Thalès
Démosthènes
Anaximandre
Socrate
Pyrrhon
Cléopatre VII
Hésiode
Léonidas
Hécatée
Solon
Platon
Thucydide
Zénon
Sappho
Hérodote
Clisthène
Parménide
Aristote
Thémistocle
Protagoras
Euripide
Pindare
Athénée
Homère
Périclès
Héraclite
Ptolémée 1er
Aristophane
Aspasie
Xénophane
 
Statistiques - réponses
Réponse % Correct
Socrate
56%
Platon
52%
Aristote
44%
Homère
44%
Léonidas
28%
Thucydide
28%
Aristophane
24%
Périclès
24%
Clisthène
20%
Démosthènes
20%
Hésiode
20%
Sappho
20%
Euripide
16%
Pyrrhon
16%
Solon
16%
Protagoras
12%
Ptolémée 1er
12%
Thémistocle
12%
Aspasie
8%
Pindare
4%
Aucun quiz correspondant
Distribution des résultats
% des personnes avec chaque résultat
Percentile par nombre de réponses
Votre historique - résultats
Vous n’avez pas pris ce quiz